<?xml version="1.0" encoding="UTF-8"?>
<record
    xmlns:xsi="http://www.w3.org/2001/XMLSchema-instance"
    xsi:schemaLocation="http://www.loc.gov/MARC21/slim http://www.loc.gov/standards/marcxml/schema/MARC21slim.xsd"
    xmlns="http://www.loc.gov/MARC21/slim">

  <leader>05979nam a2200409 a 4500</leader>
  <controlfield tag="001">Z_1176</controlfield>
  <controlfield tag="003">CHAP</controlfield>
  <controlfield tag="005">20241205090301.0</controlfield>
  <controlfield tag="007">ta</controlfield>
  <controlfield tag="008">220113s1971    enkado fr     001 0 eng d</controlfield>
  <datafield tag="010" ind1=" " ind2=" ">
    <subfield code="a">164261</subfield>
  </datafield>
  <datafield tag="020" ind1=" " ind2=" ">
    <subfield code="a">0-12-085001-X</subfield>
    <subfield code="q">(v. 1)</subfield>
  </datafield>
  <datafield tag="020" ind1=" " ind2=" ">
    <subfield code="a">0-12-085002-8</subfield>
    <subfield code="q">(v. 2)</subfield>
  </datafield>
  <datafield tag="040" ind1=" " ind2=" ">
    <subfield code="a">Z</subfield>
    <subfield code="c">CHAP</subfield>
  </datafield>
  <datafield tag="041" ind1="0" ind2=" ">
    <subfield code="b">Ingl&#xE9;s</subfield>
    <subfield code="f">Ingl&#xE9;s</subfield>
  </datafield>
  <datafield tag="082" ind1=" " ind2=" ">
    <subfield code="a">636.50891 </subfield>
    <subfield code="b">P49 1971</subfield>
    <subfield code="2">20</subfield>
  </datafield>
  <datafield tag="245" ind1="0" ind2="0">
    <subfield code="a">Physiology and biochemistry of the domestic fowl  /</subfield>
    <subfield code="c">editores D. J. Bell y B. H. Freeman</subfield>
  </datafield>
  <datafield tag="264" ind1=" " ind2="1">
    <subfield code="a">London,  </subfield>
    <subfield code="a">New York :</subfield>
    <subfield code="b">Academic Press,</subfield>
    <subfield code="c">1971</subfield>
  </datafield>
  <datafield tag="300" ind1=" " ind2=" ">
    <subfield code="a">3 v. : </subfield>
    <subfield code="b">ilustraciones, gr&#xE1;ficas, fotograf&#xED;as</subfield>
  </datafield>
  <datafield tag="336" ind1=" " ind2=" ">
    <subfield code="2">rdacontent</subfield>
    <subfield code="a">texto  </subfield>
    <subfield code="b">txt </subfield>
  </datafield>
  <datafield tag="337" ind1=" " ind2=" ">
    <subfield code="2">rdamedia </subfield>
    <subfield code="a">sin medio</subfield>
    <subfield code="b">b n </subfield>
  </datafield>
  <datafield tag="338" ind1=" " ind2=" ">
    <subfield code="2">rdacarrier</subfield>
    <subfield code="a">volumen </subfield>
    <subfield code="b">nc </subfield>
  </datafield>
  <datafield tag="500" ind1=" " ind2=" ">
    <subfield code="a">La biblioteca cuenta solo con  el v.1, v.2 y v.3</subfield>
  </datafield>
  <datafield tag="500" ind1=" " ind2=" ">
    <subfield code="a">ej.1 v.1: S/N \ ej.1 v.2: S/N \ ej.1 v.3: </subfield>
  </datafield>
  <datafield tag="504" ind1=" " ind2=" ">
    <subfield code="a">Incluye bibliograf&#xED;a</subfield>
  </datafield>
  <datafield tag="505" ind1="0" ind2="0">
    <subfield code="g">Volume 1.</subfield>
    <subfield code="t">1. The structure of the alimentary tract /</subfield>
    <subfield code="r">K. J. Hill --</subfield>
    <subfield code="t">2. The physiology of digestion /</subfield>
    <subfield code="r">K. J . Hill --</subfield>
    <subfield code="t">3. Absorption from the alimentary tract /</subfield>
    <subfield code="r">D. A. Hudson, R. J. Levin and D. H. Smyth --</subfield>
    <subfield code="t">4. The influence of the intestinal microflora on nutrition /</subfield>
    <subfield code="r">D. J. Jayne Williams and R. Fuller --</subfield>
    <subfield code="t">5. The anatomy of respiration /</subfield>
    <subfield code="r">A. S. King  and V. Molony --</subfield>
    <subfield code="t">6. Control of respiration /</subfield>
    <subfield code="r">M. G. M. Jukes --</subfield>
    <subfield code="t">7. Transport of blood gases /</subfield>
    <subfield code="r">M. G. M. Jukes --</subfield>
    <subfield code="t">8. Structure of the kidney /</subfield>
    <subfield code="r">W. G. Siller --</subfield>
    <subfield code="t">9. Formation and composition of urine /</subfield>
    <subfield code="r">A. H. Sykes --</subfield>
    <subfield code="t">10. Metabolic energy and gaseous metabolsm /</subfield>
    <subfield code="r">B. M. Freeman --</subfield>
    <subfield code="t">11. Carbohydrate metabolism /</subfield>
    <subfield code="r">J. Pearce and W. O. Brown --</subfield>
    <subfield code="t">12. Lipid and acetate metabolism /</subfield>
    <subfield code="r">E. F. Annison --</subfield>
    <subfield code="t">13. Protein Metabolism /</subfield>
    <subfield code="r">K. N. Boorman and D. Lewis --</subfield>
    <subfield code="t">14. The role of vitamins in metabolism processes /</subfield>
    <subfield code="r">M. E. Coates --</subfield>
    <subfield code="t">15. The role of trace elemnts in metabolic processes /</subfield>
    <subfield code="r">E. J. Butler --</subfield>
    <subfield code="t">16. The pituitary gland /</subfield>
    <subfield code="r">A. Stockell Hartree and F. J. Cunningham --</subfield>
    <subfield code="t">17. The thyroid glands /</subfield>
    <subfield code="r">I. R. Falconer --</subfield>
    <subfield code="t">18. The parathyroid Glands /</subfield>
    <subfield code="r">T. G. Taylor --</subfield>
    <subfield code="t">19. Ultimobranchial glands and calcitonin /</subfield>
    <subfield code="r">K. Simkiss and C. G. Dacke --</subfield>
    <subfield code="t">20. The adrenal glands /</subfield>
    <subfield code="r">J. W. Wells and P. A. L. Wigth --</subfield>
    <subfield code="t">21. The role of the endocrine prancreas and catecholamines in the control of carbohydrate and lipid metabolism /</subfield>
    <subfield code="r">D. R. Langslow and C. N. Hales --</subfield>
    <subfield code="t">22. The pineal gland /</subfield>
    <subfield code="r">P. A. L. Wight --</subfield>
    <subfield code="t">23. The endocrine status of the bursa of fabricius and the thymus gland /</subfield>
    <subfield code="r">B. M. Freeman --</subfield>
    <subfield code="t">24. Prostaglandinas /</subfield>
    <subfield code="r">E. W. Horton </subfield>
  </datafield>
  <datafield tag="505" ind1="0" ind2="0">
    <subfield code="g">Volumen 2.</subfield>
    <subfield code="t">25. Integumentary system /</subfield>
    <subfield code="r">R. I. C. Spearman --</subfield>
    <subfield code="t">26. The skeleton: its structure and metabolism /</subfield>
    <subfield code="r">T. G.-Taylor, K. Simkiss and D. A. Stringer --</subfield>
    <subfield code="t">27. The structure of the nervous system /</subfield>
    <subfield code="r">T. B. Bolton --</subfield>
    <subfield code="t">28. The physiology of the nervous system /</subfield>
    <subfield code="r">T. B. Bolton --</subfield>
    <subfield code="t">29. Muscle /</subfield>
    <subfield code="r">W. C. Bowman and I. G. Marshall --</subfield>
    <subfield code="t">30. General aspects of the circulation /</subfield>
    <subfield code="r">D. A. Ede -- </subfield>
    <subfield code="t">31. The herart /</subfield>
    <subfield code="r">A. R. Akester --</subfield>
    <subfield code="t">32. The blood vascular system /</subfield>
    <subfield code="r">A. R. Akester --</subfield>
    <subfield code="t">33. The corpuscle and the physical characteristics of blood /</subfield>
    <subfield code="r">B. M. Freeman --</subfield>
    <subfield code="t">34. The ultraestructure of the erythrocyte /</subfield>
    <subfield code="r">J. R. Harris --</subfield>
    <subfield code="t">35. Metabolism of the erythrocyte /</subfield>
    <subfield code="r">D. J. Bell --</subfield>
    <subfield code="t">36. The properties and biosynthesis of the heamoglobins /</subfield>
    <subfield code="r">R. L. Allen --</subfield>
    <subfield code="t">37. Blood groups /</subfield>
    <subfield code="r">D. G. Gilmour --</subfield>
    <subfield code="t">38. Blood cuagulation /</subfield>
    <subfield code="r">R. K. Archer --</subfield>
    <subfield code="t">39. Plasma glucose /</subfield>
    <subfield code="r">D. J. Bell --</subfield>
    <subfield code="t">40. Non-protein nitrogen and its fractins in plasma and erythrocytes / </subfield>
    <subfield code="r">D. J. Bell -</subfield>
    <subfield code="t">-41. Plasma proteins /</subfield>
    <subfield code="r">E. J. Butler --</subfield>
    <subfield code="t">42. Plasma Enzymes /</subfield>
    <subfield code="r"> D. J. Bell --</subfield>
    <subfield code="t">43. Plasma kinins /</subfield>
    <subfield code="r">V. Eisen --</subfield>
    <subfield code="t">44. Extravascular fluids /</subfield>
    <subfield code="r">B. M. Freeman --</subfield>
    <subfield code="t">45. The lymphoid system /</subfield>
    <subfield code="r">L. N. Payne --</subfield>
    <subfield code="t">46. Special senses /</subfield>
    <subfield code="r">P. E. King-Smith --</subfield>
    <subfield code="t">47. The liver with special reference to bile formation /</subfield>
    <subfield code="r">M. J. Clarkson and T. G. Richards --</subfield>
    <subfield code="t">48. Body temperature and thermoregulation /</subfield>
    <subfield code="r">B. M. Freeman</subfield>
  </datafield>
  <datafield tag="505" ind1="0" ind2="0">
    <subfield code="g">Volume 3.</subfield>
    <subfield code="t">49. The female reproductive effort /</subfield>
    <subfield code="r">A.B. Gilbert --</subfield>
    <subfield code="t">50. The ovary /</subfield>
    <subfield code="r">A.B. Gilbert --</subfield>
    <subfield code="t">51. Yokl synthesis /</subfield>
    <subfield code="r">W.M. McIndoe --</subfield>
    <subfield code="t">52. Control of ovulation /</subfield>
    <subfield code="r">A.B. Gilbert --</subfield>
    <subfield code="t">53. The oviduct /</subfield>
    <subfield code="r">R.N. C. Aitken --</subfield>
    <subfield code="t">54. Egg slbumen and is formation /</subfield>
    <subfield code="r">A.B. Gilbert --</subfield>
    <subfield code="t">55. Shell formation /</subfield>
    <subfield code="r">K. Simkiss and T.G. Taylor --</subfield>
    <subfield code="t">56. Transport of the egg through the oviduct and oviposition /</subfield>
    <subfield code="r">A.B. Gilbert --</subfield>
    <subfield code="t">57. Ovulatory and ovipository cycles /</subfield>
    <subfield code="r">A.B. Gilbert and D.G.M. Wood-Gush --</subfield>
    <subfield code="t">58. The egg: its physical and chemical Aspects /</subfield>
    <subfield code="r">A.B. Gilbert --</subfield>
    <subfield code="t">59. The egg in reproduction /</subfield>
    <subfield code="r">A.B. Gilbert --</subfield>
    <subfield code="t">60. The male in reproduction /</subfield>
    <subfield code="r">P.E. Lake --</subfield>
    <subfield code="t">61. The endocrine ovary in reproduction /</subfield>
    <subfield code="r">A.B. Gilbert --</subfield>
    <subfield code="t">62. The endocrine testis in reproduction /</subfield>
    <subfield code="r">P.E. Lake and B.J.A. Furr.</subfield>
  </datafield>
  <datafield tag="520" ind1=" " ind2=" ">
    <subfield code="a">To those uninitiated into th recent activities in avian science the familiar domestic fowl often engenders indifference or aven contempt. this is regrettabble because this bird possesses many fascinating and occasionally unique scientific features which deserve, and indeed nowadays receive, serious attention. we hope that these volumes may improve the appreciation of what has been discovered about this valuable bird.
From more than 5,000 years man has used the domestic fowl as a source of protein. Is growth potential, its reproductive capacity and its efficiency as a converter of vegetable protein have been heavily exploited so that in many countries the domestic fowl is now second the dairy cow as a sources of food.
In multi-authored works some overlap and repetition is often unavoidable; that editing more drastic than we habe attempted woul have produced a less readable and less valuable text. In preparing their contributions the authors, have  for  the mosts part, been able to survey the literature published to the end of 1970.
</subfield>
  </datafield>
  <datafield tag="650" ind1="1" ind2="7">
    <subfield code="a">Aves de corral</subfield>
    <subfield code="x">Anatom&#xED;a y fisiolog&#xED;a</subfield>
    <subfield code="9">8636</subfield>
  </datafield>
  <datafield tag="700" ind1="1" ind2=" ">
    <subfield code="a">Bell, D. J.</subfield>
    <subfield code="9">11351</subfield>
    <subfield code="e">editor</subfield>
  </datafield>
  <datafield tag="700" ind1="0" ind2=" ">
    <subfield code="a">Freeman, B. M.</subfield>
    <subfield code="9">43117</subfield>
    <subfield code="e">editor</subfield>
  </datafield>
  <datafield tag="901" ind1=" " ind2=" ">
    <subfield code="a">636.50891 P49 1971</subfield>
  </datafield>
  <datafield tag="902" ind1=" " ind2=" ">
    <subfield code="a">A</subfield>
  </datafield>
  <datafield tag="910" ind1=" " ind2=" ">
    <subfield code="a">1971</subfield>
  </datafield>
  <datafield tag="942" ind1=" " ind2=" ">
    <subfield code="c">LIBRO</subfield>
    <subfield code="2">ddc</subfield>
  </datafield>
  <datafield tag="999" ind1=" " ind2=" ">
    <subfield code="c">164261</subfield>
    <subfield code="d">164261</subfield>
  </datafield>
  <datafield tag="952" ind1=" " ind2=" ">
    <subfield code="0">0</subfield>
    <subfield code="1">0</subfield>
    <subfield code="2">ddc</subfield>
    <subfield code="4">0</subfield>
    <subfield code="5">1</subfield>
    <subfield code="7">0</subfield>
    <subfield code="8">GRAL</subfield>
    <subfield code="a">Z</subfield>
    <subfield code="b">Z</subfield>
    <subfield code="d">2024-10-09</subfield>
    <subfield code="h">Vol&#xFA;men: 1</subfield>
    <subfield code="i">S/N</subfield>
    <subfield code="l">0</subfield>
    <subfield code="o">636.50891 P49 1971</subfield>
    <subfield code="p">5102007474</subfield>
    <subfield code="r">2024-10-09 13:06:43</subfield>
    <subfield code="t">Ej.1 V.1</subfield>
    <subfield code="w">2024-10-09</subfield>
    <subfield code="y">LIBRO</subfield>
  </datafield>
  <datafield tag="952" ind1=" " ind2=" ">
    <subfield code="0">0</subfield>
    <subfield code="1">0</subfield>
    <subfield code="2">ddc</subfield>
    <subfield code="4">0</subfield>
    <subfield code="5">1</subfield>
    <subfield code="7">0</subfield>
    <subfield code="8">GRAL</subfield>
    <subfield code="a">Z</subfield>
    <subfield code="b">Z</subfield>
    <subfield code="d">2024-10-09</subfield>
    <subfield code="h">Vol&#xFA;men: 2</subfield>
    <subfield code="i">S/N</subfield>
    <subfield code="l">0</subfield>
    <subfield code="o">636.50891 P49 1971</subfield>
    <subfield code="p">5102007475</subfield>
    <subfield code="r">2024-10-09 13:06:43</subfield>
    <subfield code="t">Ej.1 V.2</subfield>
    <subfield code="w">2024-10-09</subfield>
    <subfield code="y">LIBRO</subfield>
  </datafield>
  <datafield tag="952" ind1=" " ind2=" ">
    <subfield code="0">0</subfield>
    <subfield code="1">0</subfield>
    <subfield code="2">ddc</subfield>
    <subfield code="4">0</subfield>
    <subfield code="5">1</subfield>
    <subfield code="7">0</subfield>
    <subfield code="8">GRAL</subfield>
    <subfield code="a">Z</subfield>
    <subfield code="b">Z</subfield>
    <subfield code="d">2024-12-04</subfield>
    <subfield code="h">Volumen: 3</subfield>
    <subfield code="i">S/N</subfield>
    <subfield code="l">0</subfield>
    <subfield code="o">636.50891 P49 1971</subfield>
    <subfield code="p">5102007514</subfield>
    <subfield code="r">2024-12-04 14:42:35</subfield>
    <subfield code="t">Ej.2 V.3</subfield>
    <subfield code="w">2024-12-04</subfield>
    <subfield code="y">LIBRO</subfield>
  </datafield>
</record>
